[Event "Online Olym Div3 E"]
[Site "Chess.com INT"]
[Date "2020.08.08"]
[Round "6.5"]
[White "Diaz Cesar, Wilsaida Pieranlly"]
[Black "Figueroa, Any"]
[Result "1/2-1/2"]
[WhiteElo "1867"]
[BlackElo "1610"]
[PlyCount "124"]
[EventDate "2020.08.07"]
[EventType "team-tourn (rapid)"]
[EventRounds "9"]
[EventCountry "USA"]
[SourceTitle "CBM 198"]
[Source "ChessBase"]
[SourceDate "2020.10.31"]
[SourceVersion "1"]
[SourceVersionDate "2020.10.31"]
[SourceQuality "1"]
[WhiteTeam "Dominican Republic"]
[BlackTeam "Honduras"]
[WhiteTeamCountry "DOM"]
[BlackTeamCountry "HON"]

1. e4 d5 2. exd5 Qxd5 3. Nc3 Qd6 4. Be2 Nf6 5. Nf3 Bg4 6. h3 Bxf3 7. Bxf3 c6 8. 0-0 Nbd7 9. d4 e6 10. Re1 Be7 11. a4 Rd8 12. Be3 Nb6 13. a5 Nc4 14. b3 Nxe3 15. fxe3 a6 16. Qe2 Qg3 17. Rf1 Bd6 18. Qd3 Qh2+ 19. Kf2 Qg3+ 20. Ke2 0-0 21. Ne4 Nxe4 22. Qxe4 Rfe8 23. Qg4 Qxg4 24. Bxg4 e5 25. Kf2 exd4 26. exd4 Bb4 27. Rad1 Bxa5 28. Rd3 Bb6 29. Rfd1 c5 30. dxc5 Bxc5+ 31. Kf1 Rxd3 32. Rxd3 Kf8 33. Bf3 b6 34. c3 a5 35. Bc6 Rc8 36. Bd5 Rd8 37. c4 Ke7 38. Rg3 g6 39. Rd3 Rd6 40. Ke2 Rf6 41. Rf3 Rxf3 42. Kxf3 f6 43. g4 h6 44. Ke4 Kd6 45. Bf7 g5 46. Kf5 Bd4 47. Kg6 Kc5 48. Be8 Kb4 49. Ba4 Kc3 50. Kxh6 Kd3 51. Kh5 Ke3 52. h4 gxh4 53. Kxh4 Kf4 54. Kh5 Be5 55. Bd7 Bd4 56. Kg6 Be5 57. Kf7 Bd4 58. Ke7 Be5 59. Be6 Bd4 60. Kd6 Be3 61. Kc6 Bd4 62. Kb5 Be3 1/2-1/2

[Event "Olympiad Women-43"]
[Site "Batumi"]
[Date "2018.10.05"]
[Round "11.1"]
[White "Rania, Sbai"]
[Black "Figueroa, Any"]
[Result "1-0"]
[WhiteElo "1893"]
[BlackElo "1739"]
[PlyCount "103"]
[EventDate "2018.09.24"]
[EventType "team-swiss"]
[EventRounds "11"]
[EventCountry "GEO"]
[SourceTitle "EXT 2020"]
[Source "ChessBase"]
[SourceDate "2019.10.17"]
[SourceVersion "1"]
[SourceVersionDate "2019.10.17"]
[SourceQuality "1"]
[WhiteTeam "Morocco (W)"]
[BlackTeam "Honduras (W)"]
[WhiteTeamCountry "MAR"]
[BlackTeamCountry "HON"]

1. d4 Nf6 2. c4 g6 3. Nc3 Bg7 4. e4 d6 5. Nf3 0-0 6. Be2 b6 7. 0-0 Bb7 8. d5 a5 9. Ne1 Nbd7 10. Be3 Nc5 11. f3 Re8 12. Nd3 c6 13. dxc6 Bxc6 14. Nxc5 bxc5 15. Qc2 Nd7 16. Rad1 Qb6 17. b3 Rab8 18. Nb5 Bxb5 19. cxb5 Bd4 20. Qd2 Bxe3+ 21. Qxe3 Nf8 22. Bc4 Ne6 23. Bxe6 fxe6 24. a4 Rbd8 25. Kh1 d5 26. Qg5 d4 27. Rc1 Rc8 28. Rc4 Rc7 29. Rfc1 Rec8 30. h4 Qd6 31. h5 e5 32. h6 Qf6 33. Qxf6 exf6 34. Kg1 Kf7 35. Kf2 Ke6 36. b6 Rb7 37. Rxc5 Rxc5 38. Rxc5 Rxb6 39. Rxa5 Rxb3 40. Ra7 Rb2+ 41. Ke1 Rxg2 42. Rxh7 Rh2 43. a5 Rh1+ 44. Ke2 Rh2+ 45. Kd3 Rf2 46. a6 Rxf3+ 47. Ke2 Re3+ 48. Kd2 Ra3 49. a7 Ra2+ 50. Kd3 Ra3+ 51. Kc2 Ra2+ 52. Kb3 1-0

[Event "Olympiad Women-43"]
[Site "Batumi"]
[Date "2018.10.02"]
[Round "8.1"]
[White "Nosimilo, Mkhonto"]
[Black "Figueroa, Any"]
[Result "1/2-1/2"]
[WhiteElo "1372"]
[BlackElo "1739"]
[PlyCount "109"]
[EventDate "2018.09.24"]
[EventType "team-swiss"]
[EventRounds "11"]
[EventCountry "GEO"]
[SourceTitle "EXT 2020"]
[Source "ChessBase"]
[SourceDate "2019.10.17"]
[SourceVersion "1"]
[SourceVersionDate "2019.10.17"]
[SourceQuality "1"]
[WhiteTeam "Swaziland (W)"]
[BlackTeam "Honduras (W)"]
[WhiteTeamCountry "SWA"]
[BlackTeamCountry "HON"]

1. d4 Nf6 2. e3 g6 3. Bd3 Bg7 4. f4 d5 5. Nf3 0-0 6. 0-0 b6 7. Nbd2 Ba6 8. c4 e6 9. b3 c5 10. Ba3 Re8 11. dxc5 Ng4 12. Re1 Bxa1 13. Qxa1 dxc4 14. Be4 Nd7 15. Bxa8 Qxa8 16. bxc4 Nxc5 17. Ne5 Nxe5 18. fxe5 Rd8 19. Re2 Ne4 20. Nxe4 Qxe4 21. Be7 Rd7 22. Bf6 Bxc4 23. Qc1 b5 24. Rb2 a6 25. a4 Qa8 26. axb5 axb5 27. Qe1 Qe4 28. Qc1 Rb7 29. Qd2 Qd5 30. Qxd5 Bxd5 31. Kf2 Kf8 32. g3 Ke8 33. Ke2 Kd7 34. Kd3 Kc6 35. Kd4 Kb6 36. Bd8+ Kc6 37. Bf6 Ra7 38. Rb4 Ra4 39. Rxa4 bxa4 40. Kc3 a3 41. Be7 a2 42. Kb2 Kb5 43. Bg5 Bb3 44. h4 Kc4 45. Bf4 Kd3 46. Bg5 Ke4 47. Bf4 Kf3 48. Ka1 h6 49. Bxh6 Kxg3 50. Bg5 Kg4 51. Bf6 Kf5 52. Kb2 Ke4 53. Ka1 Kxe3 54. Kb2 Kd4 55. Ka1 1/2-1/2

[Event "Olympiad Women-43"]
[Site "Batumi"]
[Date "2018.09.26"]
[Round "3.42"]
[White "Heredia Serrano, Carla Sofia"]
[Black "Figueroa, Any"]
[Result "1-0"]
[WhiteElo "2159"]
[BlackElo "1739"]
[PlyCount "51"]
[EventDate "2018.09.24"]
[EventType "team-swiss"]
[EventRounds "11"]
[EventCountry "GEO"]
[SourceTitle "EXT 2020"]
[Source "ChessBase"]
[SourceDate "2019.10.17"]
[SourceVersion "1"]
[SourceVersionDate "2019.10.17"]
[SourceQuality "1"]
[WhiteTeam "Ecuador (W)"]
[BlackTeam "Honduras (W)"]
[WhiteTeamCountry "ECU"]
[BlackTeamCountry "HON"]

1. e4 e6 2. d4 d5 3. Nc3 dxe4 4. Nxe4 Bd7 5. Nf3 Bc6 6. Bd3 Nd7 7. 0-0 Ngf6 8. Ng3 Be7 9. c4 0-0 10. b3 Bxf3 11. Qxf3 c6 12. Bb2 Qa5 13. Rfe1 Ba3 14. Bxa3 Qxa3 15. Ne4 Nxe4 16. Rxe4 Nf6 17. Rh4 h5 18. Re1 Qxa2 19. Rf4 Rfd8 20. Rxf6 gxf6 21. Qxf6 Qd2 22. Re3 Qd1+ 23. Bf1 Qxd4 24. Qe7 Qd7 25. Rg3+ Kh7 26. Bd3+ 1-0

[Event "HON-ch (Women)"]
[Site "Tegucigalpa"]
[Date "2018.03.11"]
[Round "6.3"]
[White "Figueroa, Any"]
[Black "Caballero Sanabria, Margie"]
[Result "1-0"]
[WhiteElo "1753"]
[BlackElo "1476"]
[PlyCount "24"]
[EventDate "2018.03.08"]
[EventType "swiss"]
[EventRounds "6"]
[EventCountry "HON"]
[SourceTitle "EXT 2024"]
[Source "ChessBase"]
[SourceDate "2023.10.10"]
[SourceVersion "1"]
[SourceVersionDate "2023.10.10"]
[SourceQuality "1"]

1. Nf3 Nc6 2. d4 d5 3. g3 Bf5 4. Bg2 e6 5. 0-0 Bd6 6. c4 dxc4 7. Qa4 Nge7 8. Qxc4 0-0 9. Nc3 f6 10. e4 Bg6 11. Qxe6+ Bf7 12. Qh3 Ng6 1-0